000 00211nam a22000857a 4500
999 _c263791
_d263790
020 _a0439671442
245 _aDuck for President
260 _aNew York
_b N.Y. : Atheneum Books for Young Readers
_c2004
942 _cBK